Kingdoms of Southeast Asia - Statistics

General Stats
  • This quiz has been taken 11 times
    7 since last reset
  • The average score is 31 of 94
Answer Stats
Historical Era Answer % Correct
192CE - 1832CE Champa Kingdom
100%
968CE - 1804CE Dai Viet Monarchy
100%
802CE - 1431CE Khmer Empire
100%
1400CE -1511CE Melaka Sultanate
100%
849CE - 1297CE Pagan Kingdom
100%
671CE - 1288CE Srivijaya Empire
100%
914CE - 1908CE Bali Kingdom
86%
1368CE - 1888CE Bruneian Sultanate
86%
68CE - 550CE Funan Empire
86%
1528CE - 1824CE Johor Sultanate
86%
1782CE - 1932CE Rattanakosin Kingdom
86%
1496CE - 1903CE Aceh Sultanate
71%
1400CE - 1565CE Cebu Rajahnate
71%
1293CE - 1527CE Majapahit Empire
71%
circa 1500CE - 1571CE Maynila Kingdom
71%
1238CE - 1569CE Sukhothai Kingdom
71%
1299CE - 1398CE Singapura Kingdom
57%
550CE - 802CE Chenla Kingdom
43%
1222CE - 1292CE Singhasari Kingdom
43%
1457CE - 1915CE Sulu Sultanate
43%
1767CE- 1782CE Thonburi Kingdom
43%
1365CE - 1555CE Ava Kingdom
29%
1351CE - 1767CE Ayutthaya Kingdom
29%
1527CE - 1813CE Banten Sultanate
29%
989CE -1521CE Butuan Rajahnate
29%
1447CE - 1679CE Cirebon Sultanate
29%
1475CE - 1568CE Demak Sultanate
29%
circa 600CE - circa 1000CE Dvaravati Kingdom
29%
circa 1300CE - 1945CE Gowa Sultanate
29%
circa 500CE - circa 600CE Kalingga Kingdom
29%
330CE - 1136CE Kedah Sultanate
29%
1042CE - 1222CE Kediri Kingdom
29%
1300CE - 1844CE Kutai Kartanegara Sultanate
29%
399CE - 1635CE Kutai Martadipura Kingdom
29%
1777CE - 1884CE Lanfang Republic
29%
circa 100CE Langkasuka Kingdom
29%
1292CE - 1755CE Lan Na Kingdom
29%
1353CE - 1707CE Lan Xang Hom Khao Kingdom
29%
648CE - 1388CE Lavo Kingdom
29%
1237CE - 1430CE Laymro Kingdom
29%
1520CE - 1905CE Maguindanao Sultanate
29%
716CE - 1016CE Mataram Kingdom
29%
1586CE - 1755CE Mataram Sultanate
29%
671CE - 1347CE Melayu Kingdom
29%
circa 1000CE - circa 1300CE Pannai Kingdom
29%
1482CE - 1542CE Prome Kingdom
29%
1824CE - 1911CE Riau-Lingga Sultanate
29%
1267CE - 1521CE Samudera Pasai Sultanate
29%
circa 700CE Shailendra Dynasty
29%
1722CE - 1949CE Siak Sri Indrapura Sultanate
29%
669CE - 1579CE Sunda Kingdom
29%
circa 400CE - 669CE Tarumanagara Empire
29%
1257CE - 1914 CE Ternate Sultanate
29%
1081CE - 1967CE Tidore Sultanate
29%
1510CE - 1752CE Toungoo Empire
29%
1225CE - 1613CE Aru Kingdom
14%
1322CE -1965CE Bacan Sultanate
14%
1526CE - 1860CE Banjar Sultanate
14%
circa 1200CE - circa 1600CE Blambangan Kingdom
14%
1332CE - 1960CE Buton Sultanate
14%
1713 CE - 1904CE Champasak Kingdom
14%
circa 100CE - circa 600CE Chi Tu Kingdom
14%
1632CE - 1946CE Deli Sultanate
14%
669CE - 1482CE Galuh Kingdom
14%
circa 100CE - 1026CE Gangga Nagara Kingdom
14%
1287CE - 1552CE Hanthawaddy Kingdom
14%
629CE - 1292CE Haripunjaya Kingdom
14%
638CE - 1292CE Hiran Kingdom
14%
circa 1200CE - 1832CE Jailolo Sultanate
14%
1045CE - 1136CE Janggala Kingdom
14%
1019CE - 1045CE Kahuripan Kingdom
14%
1527CE - 1599CE Kalinyamat Sultanate
14%
circa 100BCE Kandis Kingdom
14%
circa 400CE Kantoli Kingdom
14%
1515CE -1904CE Larantuka Kingdom
14%
971CE - 1339CE Ma-i Kingdom
14%
1740CE - 1944CE Mempawah Sultanate
14%
1430CE -1785CE Mrauk-U Kingdom
14%
1297CE - 1313CE Myinsaing Kingdom
14%
circa 1200CE -1782CE Nakhon Si Thammarat Kingdom
14%
1802CE - 1945CE Nguyen Dynasty
14%
1347CE -1833CE Pagaruyung Kingdom
14%
1470CE - 1623CE Pahang Sultanate
14%
1568CE - 1586CE Pajang Kingdom
14%
1094CE -1338CE Phayao Kingdom
14%
1313CE - 1365CE Pinya Kingdom
14%
1771CE - 1950CE Pontianak Sultanate
14%
1315CE - 1365CE Sagaing Kingdom
14%
130CE - 362CE Salakanagara Kingdom
14%
1609CE - 1956CE Sambas Sultanate
14%
721CE - 1620CE Sumedang Larang Kingdom
14%
circa 900CE - circa 1200CE Tambralinga Kingdom
14%
358CE - 669CE Tamura Kingdom
14%
1755CE - 1950CE Yogyakarta Sultanate
14%
No matching quizzes found
Score Distribution
Percent of People with Each Score
Percentile by Number Answered
Your Score History
You have not taken this quiz since the last reset